| 000 | 01458nam a2200373 a 4500 | ||
|---|---|---|---|
| 001 | ebr10660602 | ||
| 003 | CaPaEBR | ||
| 006 | m u | ||
| 007 | cr cn||||||||| | ||
| 008 | 121214s2013 enk sb 001 0 eng d | ||
| 010 | _z 2012048065 | ||
| 020 | _z9781118508244 (pbk.) | ||
| 020 | _z9781118508237 (e-book) | ||
| 040 |
_aCaPaEBR _cCaPaEBR |
||
| 035 | _a(OCoLC)847654432 | ||
| 050 | 1 | 4 |
_aHQ1075 _b.G46 2013eb |
| 082 | 0 | 4 |
_a305.309 _223 |
| 245 | 0 | 0 |
_aGender history across epistemologies _h[electronic resource] / _cedited by Donna R. Gabaccia and Mary Jo Maynes. |
| 260 |
_aChichester : _bWiley-Blackwell, _c2013. |
||
| 300 | _aix, 340 p. | ||
| 490 | 0 | _aGender and history special issue book series | |
| 500 | _a"Originally published as Volume 24, Issue 3 of Gender & History." | ||
| 504 | _aIncludes bibliographical references and index. | ||
| 533 |
_aElectronic reproduction. _bPalo Alto, Calif. : _cebrary, _d2013. _nAvailable via World Wide Web. _nAccess may be limited to ebrary affiliated libraries. |
||
| 650 | 0 |
_aSex role _xHistory. |
|
| 650 | 0 |
_aGender identity _xHistory. |
|
| 650 | 0 |
_aWomen _xIdentity _xHistory. |
|
| 650 | 0 |
_aWomen _xHistory. |
|
| 655 | 7 |
_aElectronic books. _2local |
|
| 700 | 1 |
_aGabaccia, Donna R., _d1949- |
|
| 700 | 1 | _aMaynes, Mary Jo. | |
| 710 | 2 | _aebrary, Inc. | |
| 856 | 4 | 0 |
_uhttp://site.ebrary.com/lib/rucke/Doc?id=10660602 _zAn electronic book accessible through the World Wide Web; click to view |
| 999 |
_c67880 _d67880 |
||